Uplatnenie interného audítora v bezpečnostnom systéme účtovnej jednotky

Ochrana a bezpečnosť majetku a pracovných síl účtovnej jednotky. Posúdenie vonkajšieho a vnútorného bezpečnostného systému interným audítorom. Úloha interného audítora v oblasti bezpečnostného systému.

Enregistré dans:
Détails bibliographiques
Auteur principal: Vépyová, Mária
Autres auteurs: Kastlerová, Sylvia
Format: Chapitre de livre
Langue:slovaque
Sujets:
Tags: Ajouter un tag
Pas de tags, Soyez le premier à ajouter un tag!

MARC

LEADER 00000naa$a2200000$$$4500
001 0146868
005 20240502072643.7
041 0 |a slo 
044 |a SK 
245 1 0 |a Uplatnenie interného audítora v bezpečnostnom systéme účtovnej jednotky  |c Mária Vépyová, Sylvia Kastlerová 
520 |a Ochrana a bezpečnosť majetku a pracovných síl účtovnej jednotky. Posúdenie vonkajšieho a vnútorného bezpečnostného systému interným audítorom. Úloha interného audítora v oblasti bezpečnostného systému. 
610 2 0 |a audit interný 
610 2 0 |a kontroling podnikový 
610 2 0 |a predpisy organizačné 
610 2 0 |a revízia 
610 2 0 |a kontrola 
610 2 0 |a audit 
610 2 0 |a jednotka účtovná 
610 2 0 |a systémy bezpečnostné 
610 2 0 |a bezpečnosť informačná 
100 1 |a Vépyová, Mária 
700 1 |a Kastlerová, Sylvia